000 01092nam a2200253Ia 4500
003 OSt
005 20220930094918.0
006 a|||||r|||| 00| 0
007 ta
008 220926b |||||||| |||| 00| 0 hin d
024 _a35312
037 _cTheses
040 _aCRL
_cCRL
_bhin
041 _2hin
_ahin
100 _aशुक्ल, आशुतोष, ले.
110 _aदिल्ली विश्वविद्यालय. कला संकाय. हिन्दी
_9556738
245 0 _aभाषा में लैंगिकता
_b स्वातं×योत्तर यथार्थवादी नाटकों के संदर्भ में।
246 _aBhāṣhā mean laiangikatā: swātan×yottar yathārthavādī nāṭakoan ke sandarbha mean।
260 _c2016
300 _a196पृ.
_ap.
_ccm.
700 _aदिल्ली विश्वविद्यालय. कला संकाय. हिन्दी
_9556739
942 _cDIS
_2CC
999 _c887937
_d887937